Telephony and telegraphy : an introduction to instruments and switching systems. (3rd ed.) (Record no. 59622)

MARC details
000 -LEADER
fixed length control field 00679nam a2200193 a 4500
008 - FIXED-LENGTH DATA ELEMENTS--GENERAL INFORMATION
fixed length control field 060316s1978 ||||||||||||||||| || u
020 ## - INTERNATIONAL STANDARD BOOK NUMBER
International Standard Book Number 0198593589
020 ## - INTERNATIONAL STANDARD BOOK NUMBER
International Standard Book Number 0198593570
050 ## - LIBRARY OF CONGRESS CALL NUMBER
Classification number TK 6161 Smi
100 ## - MAIN ENTRY--PERSONAL NAME
Personal name Smith, Sydney F
245 10 - TITLE STATEMENT
Title Telephony and telegraphy : an introduction to instruments and switching systems. (3rd ed.)
250 ## - EDITION STATEMENT
Edition statement 3d ed.
260 ## - PUBLICATION, DISTRIBUTION, ETC.
Place of publication, distribution, etc. Oxford :
Name of publisher, distributor, etc. Oxford University Press
Date of publication, distribution, etc. 1978.
300 ## - PHYSICAL DESCRIPTION
Extent xiv, 278 p. : ill.
350 ## - PRICE (NR) (BK AM CF MU VM SE) [OBSOLETE]
Price 0.00
650 ## - SUBJECT ADDED ENTRY--TOPICAL TERM
Topical term or geographic name entry element TELEGRAPH
650 ## - SUBJECT ADDED ENTRY--TOPICAL TERM
Topical term or geographic name entry element TELEPHONE
995 ## - RECOMMENDATION 995 [LOCAL, UNIMARC FRANCE]
-- 0.00
-- CBU-MAIN LIBRARY (Kitwe)
-- 1
-- 3.50
-- 1
-- AVAILABLE
-- Main Library Open Access Collection
Holdings
Withdrawn status Lost status Source of classification or shelving scheme Damaged status Not for loan Home library Current library Shelving location Date acquired Total Checkouts Full call number Barcode Date last seen Price effective from Koha item type
          CBU-MAIN LIBRARY, KITWE. CBU-MAIN LIBRARY, KITWE.   11/30/2022   TK 6161 Smi 017707 11/30/2022 11/30/2022 MONOGRAPH